00490 2200181 4500001002100000005001700021008004100038020002200079035002400101040001200125090001800137245002600155260003500181300002800216650003100244850001200275990002100287YOGYA-0212000000021220120215175929.0 ind  a978-602-98476-3-5 0010-021200000000212 aYOPDYOG aDEP 372.6 Bel aBelajar menulis huruf aYogyakartabPustaka Anakc2012 a104 hlmbilusc10x23 cm aMenulis (Pendidikan Dasar) aYOPDYOG aCB-D.11-2012-090